Представление документа в формате RUSMARC

ПолеНазваниеЗначение
  Тип записи i
  Библиографический уровень m
001 Контрольный номер RU/IS/BASE/416666704
005 Дата корректировки 20250218120819.7
010 Индекс ISBN __
d Цена 152-69
101 Язык документа 0_
a Язык текста rus
200 Заглавие и сведения об ответственности 1_
a Заглавие За миллиард лет до конца света ; Повесть о дружбе и недружбе
e Сведения, относящиеся к заглавию [повести : аудиокнига]
f Первые сведения об ответственности братья Стругацкие ; читает Владимир Левашев
b Общее обозначение материала Звукозапись
210 Выходные данные 1_
a Место издания М.
c Издательство АРДИС
c Издательство Геликон Плюс
d Дата издания 2012
215 Физическое описание __
a Объем 1 электрон. опт. диск (Audio CD) (7 ч. 55 мин.)
225 Серия 2_
a Серия Фантастика и приключения
300 Общие примечания __
a Общие примечания CD-плеер с поддержкой MP3 или Pentium-233 с Windows 98-XP ; CD-ROM ; звуковая карта ; 160 Kbps ; 16 bit ; 44,1 kHz ; MP3
323 Примечание о главных создателях, исполнителях, участниках __
a Примечание о главных создателях, исполнителях, участниках Левашев, В. (читает)
327 Примечание о содержании 0_
a Примечание о содержании Повесть о дружбе и недружбе
330 Аннотация __
a Аннотация В жизни астрофизика Дмитрия Малянова и его знакомых происходят необъяснимые и пугающие события: бытовые неурядицы, недоразумения с милицией, стихийные бедствия, несчастные случаи. Какая-то загадочная могущественная сила решает противодействовать их исследованиям… Герои встают перед выбором: следовать избранному пути или отступить и двигаться «кривыми глухими окольными тропами». Еще одно произведение фантастов - сказка-притча о героических похождениях в глубинах сна во славу дружбы. В канун Нового года четырнадцатилетний Андрей Т. заболевает ангиной. Внезапно он слышит из радиоприемника призыв о помощи от своего друга Абрикоса. В стене на кухне обнаруживается лаз в другой мир, и Андрей отправляется в опасное путешествие, чтобы спасти товарища…
333 Примечание о целевом назначении __
a Примечание о целевом назначении 12+. Для детей старше 12 лет
517 Другие варианты заглавия 1_
a Другие варианты заглавия Повесть о дружбе и недружбе
606 Тематические рубрики __
a Основная рубрика Художественная литература
606 Тематические рубрики __
a Основная рубрика Русская литература XX в. (произведения)
610 Ключевые слова 0_
a Ключевые слова фантастика; фантастическая проза; фантастические повести; фантастические произведения; тема приключений; советская литература; научная фантастика; тема дружбы
686 Индексы других классификаций __
a Классификационный индекс 84(2Рос=Рус)6-445я04; ст84(2Рос=Рус)6-4я0
700 Автор _1
a Фамилия Стругацкий
b Имя А. Н.
g Полное личное имя Аркадий Натанович
4 Код отношения 070
701 Альтернативная интеллектуальная ответственность _1
a Фамилия Стругацкий
b Имя Б. Н.
g Полное личное имя Борис Натанович
4 Код отношения 070
801 Источник записи _0
a Страна RU
b Организация Муниципальное бюджетное учреждение культуры "Централизованная библиотечная система" г. Сургут (Центральная городская библиотека им. А. С. Пушкина)
g Правила каталогизации КиК/Котельникова
801 Источник записи _1
a Страна RU
b Организация Муниципальное бюджетное учреждение культуры "Централизованная библиотечная система" г. Сургут (Центральная городская библиотека им. А. С. Пушкина)
g Правила каталогизации КиК/Котельникова
852 Данные о местонахождении __
j Шифр хранения 84(2Рос=Рус)6-445я04
i Авторский знак С 87
901 Тип документа __
t Тип документа 0
903 Характеристики (МАРС) __
a Дата передачи 20130315
969 Тип издания __
a Тип издания аудиокнига; издание для слепых
990 Данные о заказе (DOS) __
j Количество экземпляров (DOS) 5
h N записи в КСУ для Б/У (DOS) 201303